=LDR 00000nam 2200000 4500 =001 INLIS000000000021978 =005 20130612120801 =008 ***********************************Ind** =035 ##$$0010-061300000021978 =041 ##$$a Ind =082 ##$$a F Rom D =090 ##$$a F Rom D, Mir-c =100 ##$$a MIRA W =245 ##$$a Cinta Tak Pernah Berulang, Mira W =260 ##$$a 2004 $b Jakarta =300 ##$$a 192 hlm., 18 cm =650 ##$$a Fiksi Dewasa =850 ##$$a NBPNMAT